000 00469nam a22001817a 4500
003 MPLRDC
005 20220104124314.0
008 210129b ||||| |||| 00| 0 eng d
020 _a7-119-00858-7
082 _a876.57 LBLD
100 _a戴妮丝. 李. 勒布雷顿
245 _a爱是不会凋谢的
_c吴国力等译
250 _a第一版
260 _a
_b外文出版社
_c1989
300 _b
650 _a法国现代小说
942 _cBK
_o876.57 LBLD
999 _c18272
_d18262